000 00504nam a2200157Ia 4500
008 200903s9999 xx 000 0 und d
020 _a978-981-48-7579-0
100 _aEdge, Raymond S.
245 _cRaymond S. Edge, J. RAndall Groves
_aEthics of health care:
_ba guide clinical practice/
250 _a4th ed.
260 _aSingapore:
_bCengage Learning Asia Pte Ltd.
_c2019
300 _axvi, 315 pages
_c23 cm.
500 _aIncludes index
650 _aEconomic history
650 _aEconomic policy
999 _c364047
_d364047